000 01066cam a22003617a 4500
003 CHAP
005 20220817043141.0
008 971013s1986 r 00010 d
010 _a66870
011 _a67842
035 _a77314
040 _cCHAP
082 _a634.92
_bF33f
110 _aFAO
245 0 _aStatuts fonciers et politique forestiére
260 _aRome :
_bFAO,
_c1986
300 _a59 p.
_b: ilus.
410 _aFAO
490 0 _aEstudios legislativos
_v;41
590 _aBATCH-UPD
_b10
_c20130110
_lUCH01
_h0159
590 _aBATCH-UPD
_b10
_c20130110
_lUCH01
_h1328
590 _aBATCH-UPD
_b10
_c20130410
_lUCH01
_h0834
590 _aBATCH-UPD
_b10
_c20130914
_lUCH01
_h0718
590 _aCONVERSION
_b10
_c20130109
_lUCH01
_h1337
650 1 4 _aBosques
_xAspectos económicos.
_914058
650 1 4 _aPolítica forestal.
_990563
700 0 _aSaussay, Christian de.
_9102764
810 0 _aFAO
830 0 0 _aEstudios legislativos
_v;41
_938550
901 _aBK
942 _cLIBRO
949 _a634.92 F33f
_bBC
_cFAO
_d-30182
_eFAO1
_h71010
_i77314
_si
999 _c66870
_d66870